| 000 | 00660nam a22002057a 4500 | ||
|---|---|---|---|
| 999 |
_c10439 _d10439 |
||
| 003 | AR-CdUCM | ||
| 008 | 190401b ||||| |||| 00| 0 spa d | ||
| 040 |
_aMUNICIPALIDAD PROVINCIAL DEL CUSCO _cBIBLIOTECA MUNICIPAL DEL CUSCO |
||
| 082 |
_a347 / _bEL43 / 1899 |
||
| 100 |
_aElmore, Alberto A. _927291 |
||
| 245 | _aTratado de derecho comercial / | ||
| 260 |
_aLima : _bTorres Aguirre, Union _c1899. |
||
| 300 |
_a728 paginas ; _c21 cm. |
||
| 505 | _acontenido: Naves -- cargamentos -- navieros -- capitan -- tripulación... | ||
| 650 |
_aDerecho _9739 |
||
| 650 |
_aComercial _927292 |
||
| 650 |
_aPersonas _927293 |
||
| 942 |
_2ddc _cLIBROS |
||
| 945 | _apjha | ||